| 000 | 00704nam a22002177a 4500 | ||
|---|---|---|---|
| 005 | 20170124110226.0 | ||
| 010 | _aB-017495 | ||
| 020 |
_c475.00 _a8170421616 |
||
| 035 | _aB-017495 | ||
| 037 | _bCen Lib/Ret | ||
| 040 |
_aDPL _bEN |
||
| 082 |
_a610 _bMDM |
||
| 245 |
_aMD/MS entrance examinations : _cedited by Vishram Singh [and] MK Anand _bgateway to medical pastgraduation / |
||
| 260 |
_aNew Delhi _bB.I. Churchill livingtone _c2000 |
||
| 270 |
_bNew Delhi _a54, Janapath _e110001 |
||
| 300 |
_aix,827p. _c23cm(pbk) |
||
| 650 |
_aMedical Science _xEntarence exminations _940757 |
||
| 700 |
_aVishram Singh _940701 |
||
| 700 |
_aMK Anand _940702 |
||
| 942 |
_2ddc _cEN _h610 _mMDM |
||
| 999 |
_c134448 _d134448 |
||